000 00234nam a22001097a 4500
003 OSt
008 231115b |||||||| |||| 00| 0 eng d
041 _amal
100 _aChandrasekharan, C
_91725
245 _aKasayiloode /
942 _cBK
999 _c17869
_d17869